Statistics for Terraria Bosses by Emoji

Click here to take the quiz!

General Stats

  • This quiz has been taken 131 times
    (109 since last reset)
  • The average score is 17 of 20

Answer Stats

HintAnswer% Correct
πŸ‘‘πŸ₯·King Slime
99%
πŸ‘‘πŸQueen Bee
96%
βœ‹πŸ’€πŸ€šSkeletron
96%
πŸ‘Eye of Cthulhu
94%
🧠Brain of Cthulhu
93%
πŸͺ±πŸ΄πŸŒŽπŸŒπŸŒEater of Worlds
93%
πŸ¦ΎπŸ¦ΎπŸ’€πŸ¦ΎπŸ¦ΎSkeletron Prime
92%
πŸ‘€The Twins
92%
πŸŽƒPumpking
88%
πŸ§ŠπŸ‘ΈIce Queen
86%
πŸ‘πŸ‘„πŸ‘Wall of Flesh
83%
🦈Duke Fishron
82%
πŸŒ™πŸ¦‘Moon Lord
82%
πŸ§šβ€β™€οΈEmpress of Light
81%
πŸŽ…πŸ»πŸ€–Santa-NK1
81%
πŸ¦ŒπŸ‘Deerclops
80%
πŸ€–πŸ§±Golem
77%
🌳🌸Plantera
75%
πŸŽ„Everscream
74%
πŸ›ΈMartian Saucer
73%

Score Distribution

Percentile by Number Answered

Percent of People with Each Score

Your Score History

You have not taken this quiz since the last reset